|
|
|
|
| LEADER |
03647nam a2200553 4500 |
| 001 |
978-3-030-26822-0 |
| 003 |
DE-He213 |
| 005 |
20191111143541.0 |
| 007 |
cr nn 008mamaa |
| 008 |
191111s2019 gw | s |||| 0|eng d |
| 020 |
|
|
|a 9783030268220
|9 978-3-030-26822-0
|
| 024 |
7 |
|
|a 10.1007/978-3-030-26822-0
|2 doi
|
| 040 |
|
|
|d GrThAP
|
| 050 |
|
4 |
|a QC450-467
|
| 050 |
|
4 |
|a QC718.5.S6
|
| 072 |
|
7 |
|a PNFS
|2 bicssc
|
| 072 |
|
7 |
|a SCI078000
|2 bisacsh
|
| 072 |
|
7 |
|a PNFS
|2 thema
|
| 072 |
|
7 |
|a PDN
|2 thema
|
| 082 |
0 |
4 |
|a 621.36
|2 23
|
| 100 |
1 |
|
|a Salikhov, Kev M.
|e author.
|4 aut
|4 http://id.loc.gov/vocabulary/relators/aut
|
| 245 |
1 |
0 |
|a Fundamentals of Spin Exchange
|h [electronic resource] :
|b Story of a Paradigm Shift /
|c by Kev M. Salikhov.
|
| 250 |
|
|
|a 1st ed. 2019.
|
| 264 |
|
1 |
|a Cham :
|b Springer International Publishing :
|b Imprint: Springer,
|c 2019.
|
| 300 |
|
|
|a XIII, 265 p. 47 illus.
|b online resource.
|
| 336 |
|
|
|a text
|b txt
|2 rdacontent
|
| 337 |
|
|
|a computer
|b c
|2 rdamedia
|
| 338 |
|
|
|a online resource
|b cr
|2 rdacarrier
|
| 347 |
|
|
|a text file
|b PDF
|2 rda
|
| 505 |
0 |
|
|a Introduction -- Theory of spin exchange in dilute solutions -- Paramagnetic relaxation caused by spin-spin dipole-dipole interaction of paramagnetic particles in a liquid -- Modified Bloch equations for dilute solutions of free radicals taking into account exchange and dipole-dipole interactions -- Manifestation of exchange and dipole-dipole interaction in the form of EPR spectra of paramagnetic particles in solutions in linear response case -- Experimental determination of the spin exchange rate from the analysis of the EPR spectrum shape -- Other methods of measuring the spin exchange rate constants -- In Conclusion.
|
| 520 |
|
|
|a This book is a comprehensive summary of 50 years of research from theoretical predictions to experimental confirmation of the manifestation of spin exchange in EPR spectroscopy. The author unfolds the details of comprehensive state of the art of theoretical calculations, which have been proven to become the core of the paradigm shift in spin exchange and set the direction for the future of spin exchange research. The book refers to important experimental data that confirms the theory. It describes the modern protocol for determining the bi-molecular spin exchange rate from the EPR spectra, which will be especially interesting for experimentalists. Given its scope, the book will benefit all researchers engaged in theory and experiments in the area of spin exchange and its manifestations in EPR spectroscopy, where many remarkable applications of the spin probe have been developed. .
|
| 650 |
|
0 |
|a Spectroscopy.
|
| 650 |
|
0 |
|a Microscopy.
|
| 650 |
|
0 |
|a Physical chemistry.
|
| 650 |
|
0 |
|a Condensed matter.
|
| 650 |
|
0 |
|a Biophysics.
|
| 650 |
|
0 |
|a Biological physics.
|
| 650 |
1 |
4 |
|a Spectroscopy and Microscopy.
|0 http://scigraph.springernature.com/things/product-market-codes/P31090
|
| 650 |
2 |
4 |
|a Physical Chemistry.
|0 http://scigraph.springernature.com/things/product-market-codes/C21001
|
| 650 |
2 |
4 |
|a Condensed Matter Physics.
|0 http://scigraph.springernature.com/things/product-market-codes/P25005
|
| 650 |
2 |
4 |
|a Biological and Medical Physics, Biophysics.
|0 http://scigraph.springernature.com/things/product-market-codes/P27008
|
| 710 |
2 |
|
|a SpringerLink (Online service)
|
| 773 |
0 |
|
|t Springer eBooks
|
| 776 |
0 |
8 |
|i Printed edition:
|z 9783030268213
|
| 776 |
0 |
8 |
|i Printed edition:
|z 9783030268237
|
| 776 |
0 |
8 |
|i Printed edition:
|z 9783030268244
|
| 856 |
4 |
0 |
|u https://doi.org/10.1007/978-3-030-26822-0
|z Full Text via HEAL-Link
|
| 912 |
|
|
|a ZDB-2-PHA
|
| 950 |
|
|
|a Physics and Astronomy (Springer-11651)
|